000 00518 a2200181 4500
041 _aEng.
082 _aCD5258
100 _aThapa, Nakul
_925825
245 _aRisk and return analysis on commen stock investment of cemmercial banks
260 _aKtm
_bNP
_c2009
502 _aDissertation
_bManagement
_cNepal commers campus
650 _aRisk
_96187
650 _aIndevestment decision
_925826
650 _aMarket line
_925827
650 _aPoortfalio selection
_925828
653 _aManagement
942 _2ddc
_cVM
999 _c62275
_d62263